5HLuxD.jpg

KING HENRY VIII SENIOR AND PRIMARY SCHOOL LIBRARY OPAC

Pride and prejudice / (Record no. 40)

000 -LEADER
fixed length control field 01008cam a2200349Ia 4500
001 - CONTROL NUMBER
control field 52569737
003 - CONTROL NUMBER IDENTIFIER
control field OCoLC
005 - DATE AND TIME OF LATEST TRANSACTION
control field 20190724104844.0
008 - FIXED-LENGTH DATA ELEMENTS--GENERAL INFORMATION
fixed length control field 030708s2003 nyu b 000 1 eng d
020 ## - INTERNATIONAL STANDARD BOOK NUMBER
International Standard Book Number 0553213105 (pbk.)
020 ## - INTERNATIONAL STANDARD BOOK NUMBER
International Standard Book Number 9780553213102 (pbk.)
040 ## - CATALOGING SOURCE
Original cataloging agency DPB
Transcribing agency DPB
Modifying agency OCLCQ
-- BNY
-- UtOrBLW
043 ## - GEOGRAPHIC AREA CODE
Geographic area code e-uk-en
082 04 - DEWEY DECIMAL CLASSIFICATION NUMBER
Classification number FIC AUS
Edition number 21
091 ## - MICROFILM SHELF LOCATION (AM) [OBSOLETE]
Microfilm shelf location FIC
100 1# - MAIN ENTRY--PERSONAL NAME
Personal name Austen, Jane,
Dates associated with a name 1775-1817.
245 10 - TITLE STATEMENT
Title Pride and prejudice /
Statement of responsibility, etc. Jane Austen.
250 ## - EDITION STATEMENT
Edition statement Bantam classic ed.
260 ## - PUBLICATION, DISTRIBUTION, ETC.
Place of publication, distribution, etc. New York :
Name of publisher, distributor, etc. Bantam Classic,
Date of publication, distribution, etc. c2003.
300 ## - PHYSICAL DESCRIPTION
Extent 344 p. ;
Dimensions 18 cm.
500 ## - GENERAL NOTE
General note Previously published as Bantam classic in 1981.
504 ## - BIBLIOGRAPHY, ETC. NOTE
Bibliography, etc. note Includes bibliographical references.
650 #0 - SUBJECT ADDED ENTRY--TOPICAL TERM
Topical term or geographic name entry element Young women
Geographic subdivision England
Form subdivision Fiction.
650 #0 - SUBJECT ADDED ENTRY--TOPICAL TERM
Topical term or geographic name entry element Courtship
Geographic subdivision England
Form subdivision Fiction.
650 #0 - SUBJECT ADDED ENTRY--TOPICAL TERM
Topical term or geographic name entry element Families
Geographic subdivision England
Form subdivision Fiction.
655 #7 - INDEX TERM--GENRE/FORM
Genre/form data or focus term Domestic fiction.
Source of term lcgft.
655 #7 - INDEX TERM--GENRE/FORM
Genre/form data or focus term Romance fiction.
Source of term lcgft.
901 ## - LOCAL DATA ELEMENT A, LDA (RLIN)
a lis
-- MARS
908 14 - PUT COMMAND PARAMETER (RLIN)
Put command parameter PR4034
942 ## - ADDED ENTRY ELEMENTS (KOHA)
Source of classification or shelving scheme
Koha item type Books - Fiction
Holdings
Withdrawn status Lost status Source of classification or shelving scheme Damaged status Not for loan Collection code Permanent Location Current Location Shelving location Date acquired Total Checkouts Total Renewals Full call number Barcode Date due Date last seen Date last checked out Price effective from Koha item type
          Fiction KH8 Senior School Library KH8 Senior School Library Fiction 2019-07-24 6 1 FIC AUS 3KHSL000101160 2026-04-26 2026-04-09 2026-04-09 2019-07-24 Books - Fiction

Powered By KH8 IT Dept